000 00534nam a2200193 4500
003 SEACOMEC
005 20231017071940.0
008 231017b |||||||| |||| 00| 0 eng d
020 _cRs.500.00
040 _aSEACOMEC
082 1 _a005.268LINUX
_bB783
100 _aBovel, Daniel P.
245 1 _aUnderstanding the Unix kernel
_cBovel, Daniel P. and Cesati,Marco
250 1 _a2 nd ed.
260 1 _aMumbai
_bShroff
_c2004
650 _aComputer science, Programming for personal computers
700 _aMarco Cesti
942 _cBOOK
999 _c240
_d240